Zwei Fälle von Zerebellitis leptospirosa /

Hlavní autor: Wörlein, Bernd
Korporativní autor: Bayerische Julius-Maximilians-Universität Würzburg
Jazyk: Němčina
Vydáno: Würzburg : Bernd Wörlein, 1968
Fyzický popis: 47, 8 stran
Knihy
Uloženo v:
LEADER 00864nam a22002532i 4500
001 001599873
003 CZ BrMZK
005 20180110121515.0
007 ta
008 171017s1968 gw er|||||||||||ger d
040 |a BOA001  |b cze  |e rda 
100 1 |a Wörlein, Bernd  |4 dis 
245 1 0 |a Zwei Fälle von Zerebellitis leptospirosa /  |c Bernd Wörlein 
264 1 |a Würzburg :  |b Bernd Wörlein,  |c 1968 
300 |a 47, 8 stran 
336 |a text  |b txt  |2 rdacontent 
337 |a bez média  |b n  |2 rdamedia 
338 |a svazek  |b nc  |2 rdacarrier 
502 |a Disertace--Bayerische Julius-Maximilians-Universität Würzburg, 1968 
710 2 |a Bayerische Julius-Maximilians-Universität Würzburg  |7 xx0121109  |4 isb 
910 |a BOA001  |b X-0647.631 
990 |a BK 
991 |b 201710 
996 7 |b 2618914511  |c X-0647.631  |l MZK  |r Sklad / do 24 hodin  |n 0  |w 001635215  |u 000010  |a 1  |e BOA001  |j MZK50  |s A